000
00322nam a22001337a 4500
008
171113b xxu||||| |||| 00| 0 eng d
020
_a
9788131728031
041
_a
eng
080
_a
4 ED
100
_a
53
101
_a
MAN
245
_a
INNOVATION MANAGEMENT AND NEW PRODUCT DEVELOPMNENT
_c
PAUL.T
942
_2
udc
_c
BK
999
_c
38258
_d
38258